|
|
|
|
| LEADER |
01099nam a2200301 a 4500 |
| 001 |
000013147 |
| 003 |
CZ BrMZK |
| 005 |
20201015072447.0 |
| 007 |
ta |
| 008 |
940215s1993 xr a f 000 m cze d |
| 015 |
|
|
|a cnb000084683
|
| 020 |
|
|
|a 80-7105-061-X
|c 80.00
|
| 040 |
|
|
|a BOA001
|b cze
|
| 080 |
|
|
|a 745.9
|2 MRF
|
| 100 |
1 |
|
|a Homola, Václav
|7 mzk2011666504
|
| 245 |
1 |
0 |
|a Vazačství a aranžování květin /
|c Ilustr. Otakar Procházka
|
| 250 |
|
|
|a 1. vyd.
|
| 260 |
|
|
|a Praha :
|b Institut výchovy a vzdělávání Ministerstva zemědělství ČR,
|c 1993
|
| 300 |
|
|
|a 147 s. :
|b ilustr.
|
| 500 |
|
|
|a Dostupné též v digitální podobě v aplikaci Kramerius
|
| 653 |
0 |
|
|a vazačství
|
| 700 |
1 |
|
|a Procházka, Otakar
|7 jx20040907021
|
| 856 |
4 |
1 |
|u http://www.digitalniknihovna.cz/mzk/uuid/uuid:a1ec4aa0-0f80-11eb-9e0f-005056827e51
|y Digitalizovaný dokument
|x NDK
|
| 910 |
|
|
|a BOA001
|b 2-0996.362
|
| 962 |
|
|
|a 745
|
| 964 |
|
|
|a Květiny - aranžování - vazačství
|
| 990 |
|
|
|a BK
|
| 996 |
6 |
|
|b 2610005555
|c 2-0996.362
|l MZK
|r Sklad / do 1 hodiny
|n 43
|p p.v.
|w 000013147
|u 000010
|a 1
|e BOA001
|j MZK50
|s P
|